00898nam a2200241Ia 4500001000600000003000900006008004100015040001300056040001300069041001300082100001700095100002900112245004000141245004400181250001100225260000900236260001200245260004900257300005700306500024700363650001500610650003100625G6472IT-RoPAU130308s9999 xx 000 0 und d aIT-RoPAU cIT-RoPAU aITALIANO aLatour Bruno gCodice Aut. SPICS: 21669 aPiccola filosofia dell'enunciazione bSemiotica in Nuce-2-Teoria del Discorso a1a ed. aROMA bMeltemi c2001 [1° Ed.:2001 - Ed.Ling.Originale:1999] a"14 p. (prefazione: no ; testo: 14 [pagine: 64-77])" aPartendo Dalla Semiotica. Primo regime di Enunciazione. sostituzione e Credenza. regimi che si Concentrano Sul Quasi Oggetto: Tecnica, Narrativa, Scienza. regimi Incentrati Sui Quasi Soggetti: Religione, Politica, Diritto. teorie di Delegati. aSEMIOLOGIA eCodice materia Spics: 3251